Predpoklady na použitie kolaterálu zabezpečeným veriteľom

Kolaterál - aktívum, ktoré slúži ako predmet zabezpečovacieho práva. Právo použiť kolaterál. Základné predpoklady pre právo použiť kolaterál. Povaha kolaterálu. Kvalifikované druhy zabezpečovacieho práva. Povaha zabezpečenej pohľadávky. Povaha zmluvných strán. Dohoda o použití kolaterálu.

Gespeichert in:
Bibliographische Detailangaben
1. Verfasser: Baláž, Peter
Format: Buchkapitel
Sprache:Slowakisch
Schlagworte:
Tags: Tag hinzufügen
Keine Tags, Fügen Sie das erste Tag hinzu!

MARC

LEADER 00000naa$a2200000$$$4500
001 0037966
005 20231116082058.6
041 0 |a slo 
044 |a SK 
245 1 0 |a Predpoklady na použitie kolaterálu zabezpečeným veriteľom  |c Peter Baláž 
520 |a Kolaterál - aktívum, ktoré slúži ako predmet zabezpečovacieho práva. Právo použiť kolaterál. Základné predpoklady pre právo použiť kolaterál. Povaha kolaterálu. Kvalifikované druhy zabezpečovacieho práva. Povaha zabezpečenej pohľadávky. Povaha zmluvných strán. Dohoda o použití kolaterálu. 
610 2 0 |a aktíva 
610 2 0 |a právo 
610 2 0 |a zabezpečenie záväzkov 
610 2 0 |a právo záložné 
610 2 0 |a právo zádržné 
610 2 0 |a veritelia 
610 2 0 |a pohľadávky 
610 2 0 |a repo obchody 
610 2 0 |a záruka 
100 1 |a Baláž, Peter